El abanico de lady Windermere : comedia sobre una mujer buena en cuatro actos /
Gespeichert in:
| 1. Verfasser: | |
|---|---|
| Weitere Verfasser: | |
| Format: | Elektronisch E-Book |
| Sprache: | Spanisch Englisch |
| Veröffentlicht: |
Valencia :
Calambur,
[2021]
|
| Schriftenreihe: | Colección Oscar Wilde.
|
| Schlagworte: | |
| Online-Zugang: | Digitalia Hispánica |
| Tags: |
Tag hinzufügen
Keine Tags, Fügen Sie den ersten Tag hinzu!
|
MARC
| LEADER | 00000nam a2200000 i 4500 | ||
|---|---|---|---|
| 001 | DIGCALAM245 | ||
| 003 | NyNyDIG | ||
| 008 | 221101s2021 sp o 000 d spa d | ||
| 006 | m o d | ||
| 007 | cr ||||||||||| | ||
| 035 | |a (OCoLC)1352726739 | ||
| 040 | |a DGITA |b eng |e rda |e pn |c DGITA | ||
| 020 | |z 9788483595275 | ||
| 041 | 1 | |a spa |h eng | |
| 050 | 1 | 4 | |a PR5818 ebook |
| 100 | 1 | |a Wilde, Oscar, |d 1854-1900, |e author. | |
| 240 | 1 | 0 | |a Lady findermere's fan. |l Spanish |s (Baeza) |
| 245 | 1 | 3 | |a El abanico de lady Windermere : |b comedia sobre una mujer buena en cuatro actos / |c Oscar Wilde ; traducción de Ricardo Baeza. |
| 264 | 1 | |a Valencia : |b Calambur, |c [2021] | |
| 300 | |a 1 online resource. | ||
| 336 | |a text |b txt |2 rdacontent | ||
| 337 | |a computer |b c |2 rdamedia | ||
| 338 | |a online resource |b cr |2 rdacarrier | ||
| 347 | |a text file |2 rdaft | ||
| 347 | |b EPUB | ||
| 490 | 1 | |a Colección Oscar Wilde | |
| 588 | 0 | |a Online resource; title from ePub title page (Digitalia, viewed November 1, 2022) | |
| 655 | 7 | |a Drama. |2 lcgft | |
| 655 | 0 | |a Electronic books. | |
| 700 | 1 | |a Baeza, Ricardo, |d 1890-1956. |e translator. | |
| 700 | 1 | |i Translation of: |a Wilde, Oscar, |d 1854-1900. |t Lady findermere's fan. | |
| 776 | 0 | 8 | |i Print version: |a Wilde, Oscar, 1854-1900. |s Lady findermere's fan. Spanish (Baeza). |t Abanico de lady Windermere. |b Primera edición. |d Valencia : Calambur, 2021 |z 9788483595275 |
| 791 | 2 | |a Digitalia (Firm), |e distributor. | |
| 793 | 0 | |g Digitalia eBook Collection: |a Editorial Calambur | |
| 830 | 0 | |a Colección Oscar Wilde. | |
| 856 | 4 | 0 | |3 Digitalia Hispánica |u https://digitalia.unach.elogim.com/a/114049/ |
| 910 | |a Premium collection: 2022 | ||